বাংলা থিয়েটারের গান / (Record no. 62691)
[ view plain ]
| 000 -LEADER | |
|---|---|
| fixed length control field | 01012nam a2200229 a 4500 |
| 001 - CONTROL NUMBER | |
| control field | 62691 |
| 003 - CONTROL NUMBER IDENTIFIER | |
| rucl marc code | BD-RjUL |
| 005 - DATE AND TIME OF LATEST TRANSACTION | |
| control field | 20211209081119.0 |
| 008 - FIXED-LENGTH DATA ELEMENTS--GENERAL INFORMATION | |
| fixed length control field | 170125s1999 ii ||||| |||| 00| 0 ben d |
| 020 ## - INTERNATIONAL STANDARD BOOK NUMBER | |
| International Standard Book Number | 8126005505 |
| Terms of availability | : Tk. 50.00 |
| 035 ## - SYSTEM CONTROL NUMBER | |
| System control number | (BD-RjUL)62818 |
| 040 ## - CATALOGING SOURCE | |
| Original cataloging agency | BD-RjUL |
| Language of cataloging | ben |
| Transcribing agency | BD-RjUL |
| 041 ## - LANGUAGE CODE | |
| Language code of text/sound track or separate title | ben |
| 082 ## - DEWEY DECIMAL CLASSIFICATION NUMBER | |
| Edition number | 23 |
| Classification number | 782.1095414 |
| Author mark and year | BAN 1999 |
| 245 00 - TITLE STATEMENT | |
| Title | বাংলা থিয়েটারের গান / |
| Statement of responsibility, etc. | সংকলন ও সম্পাদনা দেবজিত্ বন্দ্যোপাধ্যায় |
| 260 ## - PUBLICATION, DISTRIBUTION, ETC. (IMPRINT) | |
| Place of publication, distribution, etc. | নতুন দিল্লী : |
| Name of publisher, distributor, etc. | সাহিত্য অকাদেমি, |
| Date of publication, distribution, etc. | ১৯৯৯ |
| 300 ## - PHYSICAL DESCRIPTION | |
| Pagination | [১০], ১৭৬ পৃ. ; |
| Size | ২৩ সেমি. |
| 650 ## - SUBJECT ADDED ENTRY--TOPICAL TERM | |
| Topical term or geographic name as entry element | নাটকীয় সঙ্গীত |
| Geographic subdivision | ভারত |
| -- | বেঙ্গল |
| 9 (RLIN) | 186352 |
| Topical term or geographic name as entry element | Dramatic music |
| Geographic subdivision | India |
| -- | Bengal. |
| 9 (RLIN) | 186353 |
| 700 ## - ADDED ENTRY--PERSONAL NAME | |
| Personal name | বন্দ্যোপাধ্যায়, দেবজিত্, সম্পাদক |
| 942 ## - ADDED ENTRY ELEMENTS (KOHA) | |
| Source of classification or shelving scheme | Dewey Decimal Classification |
| Koha item type | Books |
| Lost status | Source of classification or shelving scheme | Damaged status | Not for loan | Collection code | Permanent Location | Current Location | Shelving location | Date acquired | Total Checkouts | Full call number | Date last seen | Copy number | Koha item type |
|---|---|---|---|---|---|---|---|---|---|---|---|---|---|
| Dewey Decimal Classification | Not For Loan | Non-fiction | Central Library, University of Rajshahi | Central Library, University of Rajshahi | Reading Room | 26/07/2005 | B 782.1095414 BAN 1999 | 25/01/2017 | C-1 | Books |